00678nam a2200217Ia 4500003000400000005001700004008004100021040000700062041000800069082002200077100003200099245003000131260004300161365001300204650003000217650002200247906003100269942001200300999001900312952012900331OSt20230606105607.0210423s2003 xx 000 0 und d cAL aeng a306.85 223bROYF aROY (Parimal Kumar)9120018 aFamily diversity in India aNew DelhibGyan Publishing Housec2003 b690cINR aMarriage & Family9120019 aSociology9120020 adiversity ; Family ; India 2ddccBK c175767d175767 001040708MSWaSACPGbSACPGd2010-11-16eBook Worldg690.00l0o306.85 ROYFpPG022467r2022-08-24 00:00:00w2021-04-26yBK